Memoria del Consejo de Defensa del Estado: correspondiente a los años 1951 a 1970.
Zapisane w:
| Korporacja: | |
|---|---|
| Format: | Książka |
| Język: | hiszpański |
| Wydane: |
Santiago, Chile
Andrés Bello
1973
|
| Hasła przedmiotowe: | |
| Etykiety: |
Dodaj etykietę
Nie ma etykietki, Dołącz pierwszą etykiete!
|
MARC
| LEADER | 00000nam a2200000 a 4500 | ||
|---|---|---|---|
| 001 | UCS0331 | ||
| 003 | CL-VaPUC | ||
| 005 | 20220330074236.0 | ||
| 008 | 970418e19730000CL |||||||||||||||||spa|d | ||
| 999 | |c 258563 |d 258561 | ||
| 040 | |c Pontificia Universidad Católica de Valparaíso | ||
| 082 | 0 | 4 | |a 355.6 CON 1973 |2 21 |
| 110 | 2 | |a Consejo de Defensa del Estado |9 383646 | |
| 245 | 1 | 0 | |a Memoria del Consejo de Defensa del Estado: correspondiente a los años 1951 a 1970. |
| 260 | 0 | 3 | |a Santiago, Chile |b Andrés Bello |c 1973 |
| 300 | |a 580 páginas | ||
| 583 | |a last modification |c 20180514 09:32:02 |k Rodrigo Vera | ||
| 600 | 0 | 7 | |a CONSEJO DE DEFENSA DEL ESTADO |2 CL-VaPUC |9 355226 |
| 650 | 7 | |a INFORMES ANUALES |2 CL-VaPUC |9 351560 | |
| 650 | 0 | |a Abandono de familia |9 336548 | |
| 650 | 0 | |a Aduanas |9 255492 | |
| 650 | 7 | |a BIENES FISCALES |2 CL-VaPUC |9 360438 | |
| 650 | 7 | |a COLEGIOS PROFESIONALES |2 CL-VaPUC |9 360439 | |
| 650 | 7 | |a EXPROPIACION |2 CL-VaPUC |9 360440 | |
| 942 | |c BK |2 ddc | ||
| 945 | |d 19970418 00:00:00 |a lriquelm | ||
| 952 | |0 0 |1 0 |2 ddc |4 0 |6 355_600000000000000_CON_1973 |7 0 |8 F |9 282746 |a BIBDER |b BIBDER |d 2019-11-19 |i 1825860 |o 355.6 CON 1973 |p 1825860 |r 2023-01-25 |t 1 |w 2019-11-19 |y BK_F |k DER | ||